[Event "IPCA Wch 22nd"]
[Site "Kastel"]
[Date "2023.06.18"]
[Round "6"]
[White "Mikheev, Stanislav Valerievi"]
[Black "Sargissyan, Sargis"]
[Result "1/2-1/2"]
[WhiteElo "2311"]
[BlackElo "2234"]
[PlyCount "65"]
[EventDate "2023.06.13"]
[EventType "swiss"]
[EventRounds "9"]
[EventCountry "SRB"]
[SourceTitle "CBM 214 Extra"]
[Source "ChessBase"]
[SourceDate "2023.07.31"]
[SourceVersion "1"]
[SourceVersionDate "2023.07.31"]
[SourceQuality "1"]

1. c4 g6 2. g3 Bg7 3. Bg2 e5 4. Nc3 Nc6 5. d3 d6 6. e4 h5 7. h4 Bh6 8. Nge2 Bxc1 9. Qxc1 Nf6 10. Nd5 0-0 11. Qd2 Kg7 12. 0-0 Be6 13. f4 Bg4 14. Nxf6 Bxe2 15. Qxe2 Qxf6 16. f5 Rg8 17. Qd2 Nd4 18. Rf2 Kh7 19. fxg6+ Qxg6 20. Raf1 Rg7 21. Qe3 Qxg3 22. Qxg3 Rxg3 23. Rxf7+ Rg7 24. Kh2 Kg8 25. R7f6 Ne2 26. Bh3 Nf4 27. Be6+ Kh8 28. Rf3 Re8 29. Bh3 Ree7 30. Rf8+ Rg8 31. Rf6 Rgg7 32. Rf8+ Rg8 33. Rf6 1/2-1/2

[Event "Titled Tuesday intern op 18th Apr Late"]
[Site "Chess.com INT"]
[Date "2023.04.18"]
[Round "9"]
[White "Dahlgren, James Allen"]
[Black "Mikheev, Stanislav Valerievi"]
[Result "1-0"]
[WhiteElo "1824"]
[BlackElo "2311"]
[PlyCount "51"]
[EventDate "2023.04.18"]
[EventType "swiss (blitz)"]
[EventRounds "11"]
[EventCountry "USA"]
[SourceTitle "EXT 2024"]
[Source "ChessBase"]
[SourceDate "2023.10.10"]
[SourceVersion "1"]
[SourceVersionDate "2023.10.10"]
[SourceQuality "1"]

1. e4 e5 2. Nf3 Nc6 3. Bc4 Nf6 4. Ng5 d5 5. exd5 Na5 6. Bb5+ c6 7. dxc6 bxc6 8. Be2 h6 9. Nf3 e4 10. Ne5 Bd6 11. f4 0-0 12. d4 exd3 13. Bxd3 Re8 14. 0-0 Bxe5 15. fxe5 Qb6+ 16. Kh1 Ng4 17. Qf3 Be6 18. Nc3 Rad8 19. Qg3 Kh8 20. h3 Nxe5 21. Qxe5 Bxh3 22. Qg3 Be6 23. b3 Nb7 24. Bb2 Nc5 25. Ne4 Nxd3 26. Qxg7# 1-0

[Event "Titled Tuesday intern op 18th Apr Late"]
[Site "Chess.com INT"]
[Date "2023.04.18"]
[Round "5"]
[White "Mikheev, Stanislav Valerievi"]
[Black "Romero Ruscalleda, Josep"]
[Result "1-0"]
[WhiteElo "2311"]
[BlackElo "2179"]
[PlyCount "87"]
[EventDate "2023.04.18"]
[EventType "swiss (blitz)"]
[EventRounds "11"]
[EventCountry "USA"]
[SourceTitle "EXT 2024"]
[Source "ChessBase"]
[SourceDate "2023.10.10"]
[SourceVersion "1"]
[SourceVersionDate "2023.10.10"]
[SourceQuality "1"]

1. c4 g6 2. g3 Bg7 3. Bg2 d6 4. d4 Nf6 5. Nf3 0-0 6. 0-0 Bf5 7. Nc3 Ne4 8. Qb3 Nxc3 9. bxc3 Nd7 10. Nh4 Nb6 11. Nxf5 gxf5 12. Bxb7 Rb8 13. Bg2 c5 14. Rd1 Qc7 15. d5 Nxd5 16. Bxd5 Rxb3 17. axb3 e6 18. Bf3 Bxc3 19. Ra6 Rd8 20. Bf4 e5 21. Bg5 Rd7 22. Bc6 Qc8 23. Bxd7 Qxa6 24. Bxf5 Kg7 25. h4 f6 26. Be3 Qa2 27. Rxd6 Bd4 28. Rd7+ Kf8 29. Bh6+ Ke8 30. e3 Bc3 31. Rb7 Qa1+ 32. Kg2 Qa6 33. Be4 Kd8 34. Rxh7 Qb6 35. Rb7 Qd6 36. Bg7 Kc8 37. h5 Qe6 38. h6 f5 39. h7 fxe4 40. Rxa7 Kb8 41. Ra2 Qf7 42. h8Q+ Kb7 43. Qa8+ Kb6 44. Ra6+ 1-0

[Event "FIDE Disabilities Olym"]
[Site "Belgrade"]
[Date "2023.02.01"]
[Round "?"]
[White "Rivas Cabrera, Edgar"]
[Black "Mikheev, Stanislav Valerievi"]
[Result "0-1"]
[WhiteElo "1987"]
[BlackElo "2300"]
[PlyCount "66"]
[EventDate "2023.01.30"]
[EventType "team-swiss"]
[EventRounds "6"]
[EventCountry "SRB"]
[SourceTitle "CBM 212 Extra"]
[Source "ChessBase"]
[SourceDate "2023.03.31"]
[SourceVersion "1"]
[SourceVersionDate "2023.03.31"]
[SourceQuality "1"]
[WhiteTeam "Venezuela"]
[BlackTeam "IPCA"]
[WhiteTeamCountry "VEN"]

1. c4 c6 2. Nf3 d5 3. e3 Nf6 4. Nc3 e6 5. d4 Nbd7 6. Be2 dxc4 7. Bxc4 b5 8. Bd3 Bd6 9. e4 e5 10. a3 0-0 11. 0-0 a6 12. Bg5 Re8 13. dxe5 Nxe5 14. Nxe5 Bxe5 15. Rc1 h6 16. Bh4 Bf4 17. Rb1 Qd6 18. Bg3 Bxg3 19. hxg3 Bg4 20. Be2 Qxd1 21. Bxd1 Bxd1 22. Rfxd1 Nxe4 23. Nxe4 Rxe4 24. Rbc1 Re6 25. Rd7 Rae8 26. Kf1 Re2 27. b4 Ra2 28. Rd3 Ree2 29. Rf3 Rec2 30. Re1 f6 31. Kg1 c5 32. bxc5 Rxc5 33. Re6 Ra1+ 0-1

[Event "Titled Tuesday intern op 19th Jul Late"]
[Site "Chess.com INT"]
[Date "2022.07.19"]
[Round "8"]
[White "Jorajuria Mendoza, Algol"]
[Black "Mikheev, Stanislav Valerievi"]
[Result "1-0"]
[WhiteElo "2157"]
[BlackElo "2351"]
[PlyCount "115"]
[EventDate "2022.07.19"]
[EventType "swiss (blitz)"]
[EventRounds "11"]
[EventCountry "USA"]
[SourceTitle "EXT 2023"]
[Source "ChessBase"]
[SourceDate "2022.10.05"]
[SourceVersion "1"]
[SourceVersionDate "2022.10.05"]
[SourceQuality "1"]

1. e4 e5 2. Nf3 Nf6 3. d4 Nxe4 4. dxe5 d5 5. Bd3 Qd7 6. 0-0 Nc6 7. Re1 Nc5 8. Nc3 Be7 9. Bb5 a6 10. Bxc6 bxc6 11. Nd4 Ne6 12. Nf5 0-0 13. Qf3 Ng5 14. Nxe7+ Qxe7 15. Qg3 Ne6 16. f4 f5 17. exf6 Qxf6 18. Ne2 c5 19. Bd2 d4 20. Rf1 Rb8 21. b3 Qf5 22. Rac1 Bb7 23. Qd3 Be4 24. Qc4 Bd5 25. Qd3 Qg4 26. Ng3 Nxf4 27. Bxf4 Rxf4 28. Qxa6 Rbf8 29. Qb5 Rxf1+ 30. Rxf1 Rxf1+ 31. Qxf1 h5 32. Qe2 Qxe2 33. Nxe2 Kf7 34. Nf4 Be4 35. Nd3 Kf6 36. Kf2 Kf5 37. g3 Bd5 38. Nxc5 Kg4 39. a4 Kh3 40. Kg1 Kg4 41. a5 Kf3 42. a6 Ke2 43. a7 Kd2 44. Ne6 Kxc2 45. Nxd4+ Kc3 46. Nf5 Kxb3 47. Nxg7 c5 48. Nf5 c4 49. Ne3 Be4 50. Kf2 c3 51. h3 c2 52. Nxc2 Kxc2 53. g4 hxg4 54. hxg4 Kc3 55. g5 Kd4 56. g6 Ke5 57. g7 Kf6 58. g8Q 1-0

[Event "Titled Tuesday intern op 19th Jul Late"]
[Site "Chess.com INT"]
[Date "2022.07.19"]
[Round "10"]
[White "Mikheev, Stanislav Valerievi"]
[Black "Prieto Aranguren, Alain"]
[Result "0-1"]
[WhiteElo "2351"]
[BlackElo "2254"]
[PlyCount "58"]
[EventDate "2022.07.19"]
[EventType "swiss (blitz)"]
[EventRounds "11"]
[EventCountry "USA"]
[SourceTitle "EXT 2023"]
[Source "ChessBase"]
[SourceDate "2022.10.05"]
[SourceVersion "1"]
[SourceVersionDate "2022.10.05"]
[SourceQuality "1"]

1. d4 c5 2. d5 e6 3. c4 b5 4. cxb5 Nf6 5. Nc3 Bb7 6. e4 Bd6 7. Nf3 exd5 8. e5 Bxe5 9. Nxe5 0-0 10. Be2 Re8 11. Bf4 d4 12. Qb3 d5 13. Na4 c4 14. Qb4 d3 15. Nc5 dxe2 16. Nxb7 Qb6 17. Nd6 Re6 18. Ndxf7 Na6 19. Qd2 Nc5 20. Ng5 Rxe5 21. Bxe5 Nd3+ 22. Kxe2 Nxe5 23. Qe3 d4 24. Qh3 Qxb5 25. Qe6+ Kh8 26. Rhe1 c3+ 27. Kd1 cxb2 28. Kd2 bxa1Q 29. Rxa1 Qb2+ 0-1

[Event "IPCA Wch 21st"]
[Site "Ashdod"]
[Date "2022.05.09"]
[Round "1"]
[White "Alperovich, Asher"]
[Black "Mikheev, Stanislav Valerievi"]
[Result "0-1"]
[WhiteElo "1865"]
[BlackElo "2333"]
[PlyCount "64"]
[EventDate "2022.05.09"]
[EventType "swiss"]
[EventRounds "9"]
[EventCountry "ISR"]
[SourceTitle "CBM 208 Extra"]
[Source "ChessBase"]
[SourceDate "2022.07.31"]
[SourceVersion "1"]
[SourceVersionDate "2022.07.31"]
[SourceQuality "1"]

1. d4 Nf6 2. c4 g6 3. Nc3 d5 4. Bf4 Bg7 5. Rc1 0-0 6. e3 Be6 7. c5 c6 8. h3 b6 9. b4 a5 10. a3 axb4 11. axb4 Ra3 12. Bd3 bxc5 13. bxc5 Qa5 14. Qd2 Na6 15. Nf3 Nd7 16. Nb1 Nb4 17. Be2 Ra2 18. Bc7 Qxc7 19. Qxb4 Rb8 20. Qc3 Rbb2 21. Nbd2 Nf6 22. Bd3 Ne4 23. Bxe4 dxe4 24. Ng5 Rxd2 25. Qxd2 Rxd2 26. Kxd2 Qa5+ 27. Rc3 Bd5 28. h4 e5 29. Rb1 Bf6 30. Rb8+ Kg7 31. Kc2 exd4 32. exd4 Bxd4 0-1

[Event "Titled Tuesday intern op 22nd Feb Late"]
[Site "Chess.com INT"]
[Date "2022.02.22"]
[Round "8"]
[White "Araujo Filho, Luiz Antonio"]
[Black "Mikheev, Stanislav Valerievi"]
[Result "0-1"]
[WhiteElo "2089"]
[BlackElo "2333"]
[PlyCount "50"]
[EventDate "2022.02.22"]
[EventType "swiss (blitz)"]
[EventRounds "11"]
[EventCountry "USA"]
[SourceTitle "CBM 207 Extra"]
[Source "ChessBase"]
[SourceDate "2022.05.31"]
[SourceVersion "1"]
[SourceVersionDate "2022.05.31"]
[SourceQuality "1"]

1. d4 Nf6 2. Nf3 g6 3. c4 Bg7 4. Nc3 d5 5. cxd5 Nxd5 6. e4 Nxc3 7. bxc3 c5 8. Be3 Qa5 9. Qd2 0-0 10. Be2 Rd8 11. 0-0 cxd4 12. Nxd4 e5 13. Bg5 f6 14. Bc4+ Kh8 15. Nb3 Rxd2 16. Nxa5 fxg5 17. Rad1 Rd7 18. Be6 Rxd1 19. Rxd1 Bxe6 20. Rd8+ Bg8 21. Nxb7 Bf6 22. Rc8 Kg7 23. Nd6 Be6 24. Ne8+ Kf7 25. Nd6+ Ke7 0-1

[Event "Titled Tuesday intern op 22nd Feb Late"]
[Site "Chess.com INT"]
[Date "2022.02.22"]
[Round "10"]
[White "Mikheev, Stanislav Valerievi"]
[Black "Gomez Ledo, Roberto Carlos"]
[Result "1-0"]
[WhiteElo "2333"]
[BlackElo "2471"]
[PlyCount "111"]
[EventDate "2022.02.22"]
[EventType "swiss (blitz)"]
[EventRounds "11"]
[EventCountry "USA"]
[SourceTitle "CBM 207 Extra"]
[Source "ChessBase"]
[SourceDate "2022.05.31"]
[SourceVersion "1"]
[SourceVersionDate "2022.05.31"]
[SourceQuality "1"]

1. d4 Nf6 2. c4 e6 3. Nf3 d5 4. g3 Be7 5. Bg2 0-0 6. 0-0 dxc4 7. Qc2 a6 8. a4 Bd7 9. Qxc4 Bc6 10. Bg5 Bd5 11. Qc1 h6 12. Bxf6 Bxf6 13. Nc3 Bxf3 14. Bxf3 c6 15. e3 a5 16. Ne4 Na6 17. Rd1 Be7 18. Qc4 Qb6 19. b3 Rfd8 20. Rac1 Qb4 21. Be2 Qxc4 22. bxc4 Nb4 23. h4 f5 24. Nd2 g5 25. hxg5 hxg5 26. Kg2 g4 27. c5 Kg7 28. Nc4 Nd5 29. Rh1 Rh8 30. Rb1 Rxh1 31. Rxh1 Ra7 32. Bd3 Bd8 33. Rb1 Nc3 34. Ra1 Nd5 35. Ne5 Bf6 36. Nd7 Bg5 37. Ra3 Nb4 38. Bb1 b5 39. Ne5 Bf6 40. f3 Bxe5 41. dxe5 gxf3+ 42. Kxf3 Nd5 43. e4 b4 44. Ra1 fxe4+ 45. Bxe4 Rf7+ 46. Kg4 Rf2 47. Bxd5 exd5 48. Re1 Kf7 49. e6+ Ke7 50. Re3 d4 51. Rd3 Kxe6 52. Rxd4 b3 53. Rd6+ Ke5 54. Rxc6 Kd5 55. Rb6 b2 56. Rb5 1-0

[Event "Titled Tuesday intern op 22nd Feb Late"]
[Site "Chess.com INT"]
[Date "2022.02.22"]
[Round "7"]
[White "Mikheev, Stanislav Valerievi"]
[Black "Zeynalov, Rashad"]
[Result "0-1"]
[WhiteElo "2333"]
[BlackElo "2226"]
[PlyCount "92"]
[EventDate "2022.02.22"]
[EventType "swiss (blitz)"]
[EventRounds "11"]
[EventCountry "USA"]
[SourceTitle "CBM 207 Extra"]
[Source "ChessBase"]
[SourceDate "2022.05.31"]
[SourceVersion "1"]
[SourceVersionDate "2022.05.31"]
[SourceQuality "1"]

1. d4 Nf6 2. c4 e6 3. Nf3 d5 4. g3 Be7 5. Bg2 dxc4 6. 0-0 0-0 7. Qc2 b5 8. a4 b4 9. Nfd2 c6 10. Nxc4 Qxd4 11. Be3 Qd8 12. Rd1 Nd5 13. Bf4 Nd7 14. Bd6 Ba6 15. Nbd2 Bxd6 16. Nxd6 Qe7 17. N2c4 N7b6 18. e4 Nxc4 19. Nxc4 Nf6 20. Ne5 Rac8 21. Nxc6 Qe8 22. Rd6 Bb7 23. Rc1 Nd7 24. Qd2 Nb6 25. Nxa7 Rxc1+ 26. Qxc1 Qxa4 27. Rxb6 Qxa7 28. Rxb4 Rd8 29. h4 Ba8 30. Rc4 Qa6 31. Rc7 h5 32. Qf4 Rf8 33. Bh3 Qa1+ 34. Kh2 Qxb2 35. Kg2 Qd4 36. Rd7 Bxe4+ 37. f3 Qb2+ 38. Kg1 Qb6+ 39. Kh2 Qf2+ 40. Bg2 Bd5 41. Rxd5 exd5 42. Qe5 d4 43. Qxh5 d3 44. Qd5 d2 45. h5 Qe2 46. f4 d1Q 0-1